000 00512nam a2200181 i 4500
001 51032
003 ES-MaACL
005 20250728030929.0
007 t|
008 030808s1917 fr ||||1| fre d
100 1 _aChanoz, A. M.
_937980
245 1 3 _aLa photographie des radiations invisibles /
_cA.M. Chanoz.
260 _a[S.l. :
_bs.n.,
_c1917] (
_eTours :
_fMame)
300 _a408 p. ;
_c18 cm.
650 0 7 _aFotografĂ­a
_2embne
_912943
852 _aES-MaACL
_jD-4326
999 _c51032
_d51032